00593nam a2200193Ia 4500008004100000041001200041082001200053100004200065245006200107260004200169300000800211365000800219520001200227546001200239630006200251650001200313655001200325730006200337101110s9999 xx 000 0 und d aENGLISH bSR32847 aBhole K.G.,Shroff,Adarsh, Ranade A.J. aA new course in physics Vol.I SYBSC revised sylladus 2009 c2009bSheth publishers pvt.ltd.Mumbai a226 b125 aPhysics aENGLISH aA new course in physics Vol.I SYBSC revised sylladus 2009 aPhysics aPhysics aA new course in physics Vol.I SYBSC revised sylladus 2009